NBA players with a signature shoe - Statistics

General Stats
  • This quiz has been taken 504 times
  • The average score is 6 of 15
Answer Stats
Brand Answer % Correct
Nike Lebron James
93%
Under Armour Stephen Curry
78%
Nike Kevin Durant
65%
Nike Kyrie Irving
57%
Nike Kobe Bryant
55%
*Nike Michael Jordan
55%
ANTA (Chinese) Klay Thompson
42%
Nike Paul George
40%
Jordan Chris Paul
38%
Adidas Derrick Rose
37%
Jordan Carmelo Anthony
30%
Li-Ning Dwayne Wade
27%
Adidas Dwight Howard
11%
Adidas Damian Lilliard
4%
Brandblack Jamal Crawford
3%
No matching quizzes found
Score Distribution
Percent of People with Each Score
Percentile by Number Answered
Your Score History
You have not taken this quiz